000 01582cam a22004574i 4500
003 PE-LiUPU
005 20250731173542.0
008 150616s r 000 0 d
035 _a(Sirsi) a9100
040 _aPE-LiUPU
_bspa
_cPE-LiUPU
_erda
049 _aPRUA
082 0 4 _a251
_bB57
_221
100 1 _aBlackwood, Andrew Watterson,
_eautor.
245 1 0 _aDoctrinal Preaching for Today.
264 1 _aGrand Rapids, Michigan :
_bBaker Book House,
_c1975.
300 _a224 páginas ;
_c19 cm.
336 _atext
_2rdacontent
337 _aunmediated
_2rdamedia
338 _avolume
_2rdacarrier
504 _aIncluye bibliografía.
505 0 _aThe needs of churchgoers.- Ther return to doctrinal preaching.- The preaching of doctrine indirectly.- The doctrine in soul-winning sermons.- The doctrine in pulpit counseling.
526 _aSEG42
526 _aSEG41
526 _aSEG40
526 _aSEG39
526 _aP94
526 _aP87
526 _aP86
526 _aP85
526 _aP77
526 _aP76
526 _aP35
650 0 4 _aSERMONES - PREPARACION.
910 _ajck
_bjvq
_cjck
942 _2ddc
_cBOOK
949 _a251 B57
_wDEWEY
_c1
_i42659
_lCCODEBUL1
_mBUL
_p00.00
_r0
_sY
_tBOOK
_u19970224
_xTEOLOGIA
_zUNKNOWN
_0COMPRA
_o.STAFF. Colección General
994 _aC0
_bPEPRU
596 _a1
999 _a251 B57
_wDEWEY
_c60518
_i42659
_f2021-11-12
_g5
_lCCODEBUL1
_mBUL
_r0
_sY
_tBOOK
_u2015-6-16
_xTEOLOGIA
_zUNKNOWN
_0COMPRA
_o.STAFF. Colección General
_d60518
980 _81
_gALBERTO SANCHEZ Responsable de Automatización